[Event "World Junior U20 Open 2018"]
[Site "Gebze"]
[Date "2018.09.07"]
[Round "4.63"]
[White "Ozenir, Ekin Baris"]
[Black "Ozgur, Tibet Kagan"]
[Result "0-1"]
[WhiteElo "2303"]
[BlackElo "2056"]
[Annotator "NA"]
[PlyCount "119"]
[EventDate "2018.09.05"]
[EventType "swiss"]
[EventCountry "TUR"]
[SourceTitle "playchess.com"]
[Source "ChessBase"]
[SourceQuality "1"]
[TimeControl "40/5400+30:1800+30"]

1. d4 Nf6 2. c4 e6 3. Nc3 Bb4 4. e3 b6 5. Be2 Bb7 6. Bf3 Qc8 7. Bd2 O-O 8. Rc1 d6 9. a3 Bxc3 10. Bxc3 Ne4 11. d5 Nxc3 12. Rxc3 Nd7 13. Nh3 a5 14. O-O a4 15. e4 Nc5 16. Re1 {[%emt 0:30:00]} e5 {[%emt 0:38:00]} 17. Bg4 {[%emt 0:07:30]} Qe8 {[%emt 0:01:30]} 18. Rg3 {[%emt 0:03:30]} Bc8 {[%emt 0:03:30]} 19. Bxc8 {[%emt 0:07:30]} Rxc8 {[%emt 0:01:30]} 20. Qg4 {[%emt 0:00:30]} g6 {[%emt 0:00:30]} 21. Ng5 {[%emt 0:02:30]} f6 {[%emt 0:02:30]} 22. Nf3 {[%emt 0:00:30]} Qd7 {[%emt 0:02:30]} 23. Qh4 {[%emt 0:02:30]} Nd3 {[%emt 0:13:30]} 24. Rb1 {[%emt 0:04:30]} Nf4 {[%emt 0:00:30]} 25. Re1 {[%emt 0:01:30]} h5 {[%emt 0:11:30]} 26. Nd2 {[%emt 0:09:30]} g5 {[%emt 0:01:30]} 27. Nf3 {[%emt 0:01:30]} Kh8 {[%emt 0:08:21]} 28. Nxg5 {[%emt 0:02:30]} fxg5 {[%emt 0:00:02]} 29. Qxg5 {[%emt 0:00:00]} Qh7 {[%emt 0:03:07]} 30. Ree3 {[%emt 0:01:00]} Rf7 {[%emt 0:00:50]} 31. Qh4 {[%emt 0:02:30]} Rcf8 {[%emt 0:02:41]} 32. Rg5 {[%emt 0:01:30]} Rg7 {[%emt 0:01:39]} 33. Rxg7 {[%emt 0:02:30]} Qxg7 {[%emt 0:00:10]} 34. g3 {[%emt 0:00:30]} Qg5 {[%emt 0:00:58]} 35. Qxg5 {[%emt 0:01:30]} Nh3+ {[%emt 0:00:03]} 36. Kf1 {[%emt 0:01:30]} Nxg5 {[%emt 0:00:30]} 37. Ke2 {[%emt 0:00:30]} Nh3 {[%emt 0:00:05]} 38. f3 {[%emt 0:00:30]} Kg7 {[%emt 0:00:46]} 39. Kf1 {[%emt 0:00:30]} Kg6 {[%emt 0:00:24]} 40. Ke2 {[%emt 0:00:00]} Ng5 {[%emt 0:00:00]} 41. Rc3 {[%emt 0:02:00]} Rh8 {[%emt 0:03:54]} 42. h4 {[%emt 0:03:30]} Nh7 {[%emt 0:00:30]} 43. Ke3 {[%emt 0:01:30]} Nf6 {[%emt 0:00:30]} 44. Rc1 {[%emt 0:00:30]} Nd7 {[%emt 0:00:30]} 45. Rg1 {[%emt 0:00:30]} Kf7 {[%emt 0:01:30]} 46. Rf1 {[%emt 0:00:30]} Rg8 {[%emt 0:00:30]} 47. Rg1 {[%emt 0:00:30]} Nc5 {[%emt 0:00:30]} 48. g4 {[%emt 0:01:30]} Nd7 {[%emt 0:02:30]} 49. Kd3 {[%emt 0:01:30]} hxg4 {[%emt 0:02:30]} 50. fxg4 {[%emt 0:00:30]} Nf6 {[%emt 0:00:00]} 51. g5 {[%emt 0:00:00]} Nh5 {[%emt 0:00:00]} 52. Kc3 {[%emt 0:00:00]} Kg6 {[%emt 0:02:30]} 53. Kb4 {[%emt 0:00:30]} Ra8 {[%emt 0:00:30]} 54. Rg2 {[%emt 0:01:30]} Nf4 {[%emt 0:00:30]} 55. Rg1 {[%emt 0:01:30]} Nd3+ {[%emt 0:00:30]} 56. Kc3 {[%emt 0:00:00]} Nc5 {[%emt 0:01:30]} 57. Rf1 {[%emt 0:01:00]} Nxe4+ {[%emt 0:01:30]} 58. Kd3 {[%emt 0:00:00]} Nc5+ {[%emt 0:00:30]} 59. Ke3 {[%emt 0:00:00]} Rh8 {[%emt 0:00:00]} 60. Rh1 {[%emt 0:00:30]} 0-1

[Event "World Junior U20 Open 2018"]
[Site "Gebze"]
[Date "2018.09.07"]
[Round "4.64"]
[White "Aydincelebi, Kagan"]
[Black "Tifferet, Shaked"]
[Result "1-0"]
[WhiteElo "2060"]
[BlackElo "2299"]
[Annotator "NA"]
[PlyCount "83"]
[EventDate "2018.09.05"]
[EventType "swiss"]
[EventCountry "TUR"]
[SourceTitle "playchess.com"]
[Source "ChessBase"]
[SourceQuality "1"]
[TimeControl "40/5400+30:1800+30"]

1. e4 c5 2. Nf3 d6 3. Bb5+ Bd7 4. Bxd7+ Nxd7 5. O-O Ngf6 6. Qe2 e6 7. b3 g6 8. Bb2 Bg7 9. c4 O-O 10. Nc3 Nh5 11. Rfd1 Nf4 12. Qf1 e5 13. Nd5 Nxd5 14. cxd5 f5 15. d3 f4 16. Nd2 g5 17. Qe2 Nf6 18. f3 Rf7 {[%emt 0:47:00]} 19. Bc3 {[%emt 0:20:30]} Bf8 {[%emt 0:00:30]} 20. Rab1 {[%emt 0:00:30]} Rg7 {[%emt 0:08:30]} 21. b4 {[%emt 0:00:30]} b6 {[%emt 0:00:30]} 22. bxc5 {[%emt 0:00:30]} bxc5 {[%emt 0:00:30]} 23. Nc4 {[%emt 0:04:30]} Qe8 {[%emt 0:01:30]} 24. Rb3 {[%emt 0:02:30]} Rb8 {[%emt 0:07:30]} 25. Rdb1 {[%emt 0:11:30]} Rxb3 {[%emt 0:00:30]} 26. Rxb3 {[%emt 0:00:00]} h5 {[%emt 0:00:30]} 27. Qb2 {[%emt 0:04:00]} g4 {[%emt 0:07:30]} 28. Rb7 {[%emt 0:00:30]} Nd7 {[%emt 0:05:30]} 29. Qe2 {[%emt 0:02:30]} Qc8 {[%emt 0:01:30]} 30. Na5 {[%emt 0:01:30]} Be7 {[%emt 0:05:39]} 31. Rxa7 {[%emt 0:09:30]} c4 {[%emt 0:07:07]} 32. d4 {[%emt 0:09:30]} exd4 {[%emt 0:06:40]} 33. Bxd4 {[%emt 0:00:30]} Ne5 {[%emt 0:00:30]} 34. Kh1 {[%emt 0:00:30]} gxf3 {[%emt 0:00:30]} 35. gxf3 {[%emt 0:00:30]} Qb8 {[%emt 0:03:01]} 36. Qb2 {[%emt 0:03:30]} Qc8 {[%emt 0:01:37]} 37. Nc6 {[%emt 0:03:30]} Nxc6 {[%emt 0:01:22]} 38. dxc6 {[%emt 0:00:30]} c3 {[%emt 0:00:31]} 39. Bxc3 {[%emt 0:01:30]} Qh3 {[%emt 0:00:29]} 40. Qf2 {[%emt 0:00:30]} Bf6 41. Rxg7+ {[%emt 0:02:30]} Kxg7 {[%emt 0:06:34]} 42. Qg2+ {[%emt 0:00:00]} 1-0

[Event "World Junior U20 Open 2018"]
[Site "Gebze"]
[Date "2018.09.07"]
[Round "4.65"]
[White "Milosevic, Milos"]
[Black "Baylav, Can"]
[Result "1/2-1/2"]
[WhiteElo "2292"]
[BlackElo "2026"]
[Annotator "NA"]
[PlyCount "106"]
[EventDate "2018.09.05"]
[EventType "swiss"]
[EventCountry "TUR"]
[SourceTitle "playchess.com"]
[Source "ChessBase"]
[SourceQuality "1"]
[TimeControl "40/5400+30:1800+30"]

1. e4 {[%emt 0:05:30]} c5 {[%emt 0:00:30]} 2. Nf3 {[%emt 0:00:30]} d6 {[%emt 0:00:30]} 3. Bb5+ {[%emt 0:00:00]} Nd7 {[%emt 0:00:00]} 4. c4 {[%emt 0:00:30]} Ngf6 {[%emt 0:01:00]} 5. Nc3 {[%emt 0:00:30]} a6 {[%emt 0:00:30] B51: Sicilian: Moscow Variation (3 Bb5+) without 3...Bd7} (5... g6 6. O-O Bg7 7. Ba4 O-O 8. h3 Nb6 9. Bb3 e5 10. d3 Ne8 11. Bg5 f6 12. Be3 f5 13. Bg5 Bf6 {0-1 (43) Safarli,E (2664)-Giri,A (2790) Shamkir 2016 CBM 173 [Mekhitarian,K]}) 6. Ba4 {[%emt 0:02:00]} e6 {[%emt 0:01:30]} 7. O-O {[%emt 0:00:30]} Be7 {[%emt 0:01:30]} 8. d3 {[%emt 0:04:30]} O-O {[%emt 0:05:30]} 9. h3 {[%emt 0:01:30]} Qc7 {[%emt 0:01:30]} 10. Be3 $146 {[%emt 0:01:30]} ({Predecessor:} 10. Nh2 Nb6 11. Bb3 d5 12. f4 dxc4 13. dxc4 {½-½ (29) Bosco,R (2265)-Yabiansky,M Buenos Aires 1992}) 10... Nb6 {[%emt 0:13:30]} 11. Bb3 {[%emt 0:00:30]} d5 {[%emt 0:02:30]} 12. cxd5 {[%emt 0:01:30]} exd5 {[%emt 0:00:30]} 13. e5 {[%emt 0:04:30]} d4 {[%emt 0:07:30]} 14. exf6 {[%emt 0:03:30]} Bxf6 15. Ne4 dxe3 16. Nxf6+ gxf6 17. fxe3 Qg3 18. Qe1 Qxe1 {[%emt 0:40:00]} 19. Nxe1 {[%emt 0:27:30]} Kg7 {[%emt 0:00:30]} 20. Rc1 {[%emt 0:00:30]} Nd7 {[%emt 0:00:30]} 21. d4 {[%emt 0:00:30]} b6 {[%emt 0:00:30]} 22. Nd3 {[%emt 0:00:30]} Re8 {[%emt 0:05:30]} 23. Rf3 {[%emt 0:00:30]} Bb7 {[%emt 0:01:30]} 24. Rg3+ {[%emt 0:01:30]} Kf8 {[%emt 0:00:00]} 25. dxc5 {[%emt 0:15:30]} Be4 {[%emt 0:03:00]} 26. c6 {[%emt 0:03:30]} Ne5 {[%emt 0:01:30]} 27. Nxe5 {[%emt 0:01:30]} Rxe5 {[%emt 0:00:30]} 28. Rg4 $16 {[%emt 0:04:30]} Rc8 {[%emt 0:02:30]} 29. c7 {[%emt 0:00:30]} f5 {[%emt 0:06:30]} 30. Rf4 {[%emt 0:00:30]} Re7 {[%emt 0:08:30]} 31. g4 {[%emt 0:01:30]} fxg4 {[%emt 0:00:30]} 32. hxg4 {[%emt 0:00:30]} b5 {[%emt 0:01:30]} 33. a4 {[%emt 0:03:30]} Bb7 {[%emt 0:05:30]} 34. axb5 {[%emt 0:00:30]} axb5 {[%emt 0:00:00]} 35. Rf5 {[%emt 0:00:30]} Rcxc7 {[%emt 0:01:00]} 36. Rxc7 {[%emt 0:00:30]} Rxc7 {[%emt 0:00:00]} 37. Rxb5 {[%emt 0:00:30]} Bc8 {[%emt 0:04:00]} 38. Rb4 {[%emt 0:00:30]} Kg7 {[%emt 0:03:30]} 39. Kf2 {[%emt 0:01:30]} Kg6 {[%emt 0:01:30]} 40. Kg3 {[%emt 0:00:00]} Bd7 {[%emt 0:00:00]} 41. Rc4 {[%emt 0:06:00]} Ra7 {[%emt 0:23:00]} 42. Bc2+ {[%emt 0:01:30]} Kg7 {[%emt 0:00:30]} 43. g5 {[%emt 0:05:30]} h6 {[%emt 0:00:30]} 44. gxh6+ {[%emt 0:00:30]} Kxh6 {[%emt 0:01:30]} 45. b4 {[%emt 0:02:30]} Ra2 {[%emt 0:01:30]} 46. Rc7 {[%emt 0:01:30]} Be6 {[%emt 0:01:30]} 47. b5 {[%emt 0:03:30]} Rb2 {[%emt 0:00:30]} 48. Rc5 {[%emt 0:00:30]} Bd7 {[%emt 0:01:30]} 49. Bd3 {[%emt 0:00:30]} Rb3 {[%emt 0:00:00]} 50. Rd5 {[%emt 0:00:30]} Be6 {[%emt 0:00:00]} 51. Rd6 {[%emt 0:00:30]} Kg5 {[%emt 0:01:30]} 52. Rd4 {[%emt 0:04:30]} Bf5 {[%emt 0:01:30]} 53. Bxf5 {[%emt 0:00:30]} Kxf5 {[%emt 0:00:30]} 1/2-1/2

[Event "World Junior U20 Open 2018"]
[Site "Gebze"]
[Date "2018.09.07"]
[Round "4.66"]
[White "Cadilhac, Igor Tokuichi Kikuc"]
[Black "Kilic, Gokturk Kagan"]
[Result "0-1"]
[WhiteElo "2286"]
[BlackElo "1910"]
[Annotator "TA"]
[PlyCount "114"]
[EventDate "2018.09.05"]
[EventType "swiss"]
[EventCountry "TUR"]
[SourceTitle "playchess.com"]
[Source "ChessBase"]
[SourceQuality "1"]

{[%evp 17,114,7,16,-19,-22,-36,-31,-39,-26,-42,-29,-60,-66,-60,-62,-72,-50,-79,-58,-136,-91,-195,-195,-282,120,-152,0,-290,-258,-272,-265,-320,-206,-199,-187,-555,-508,-591,-589,-576,-571,-684,-697,-637,-362,-381,-216,-215,-215,-258,-259,-275,-274,-264,-268,-268,-266,-248,-259,-258,-255,-273,-255,-266,-258,-268,-266,-503,-397,-325,-356,-735,-673,-812,-647,-1235,-1259,-956,-1026,-1337,-875,-1135,-929,-1639,-1558,-4727,-4206,-29973,-29974,-29972,-29972,-29975,-29975,-29981,-29982,-29983,-29984,-29982,-29983]} 1. e4 c5 2. Nf3 e6 3. d4 cxd4 4. Nxd4 a6 5. c4 Nf6 6. Nc3 Bb4 7. Bd3 Nc6 8. Nxc6 dxc6 9. O-O e5 {LiveBook: 30 Games} 10. Qb3 {B41: Sicilian: Kan Variation: 5 c4} (10. h3 O-O 11. Be3 Be6 12. Na4 Nd7 13. c5 Qh4 14. Qc2 Ba5 15. Bc4 Bxc4 16. Qxc4 Nf6 17. f3 Rad8 18. Rfd1 {½-½ (44) Anurag,M (2484)-Modler,A (2278) Riga 2018}) 10... Bc5 11. Bg5 O-O $146 ({But not} 11... Qxd3 $2 12. Rfd1 $18) ({Predecessor:} 11... h6 12. Bh4 g5 13. Bg3 Qe7 14. Na4 Bd4 15. Nb6 Rb8 16. Nxc8 Rxc8 17. Kh1 Nh5 {0-1 (42) Smistik,M (2105)-Potomak,V (2215) Czechia 1997}) 12. Rad1 {Black is slightly better.} h6 13. Bh4 Qe7 14. Kh1 g5 15. Bg3 Nh5 16. Ne2 Nf4 17. Bxf4 gxf4 18. Bb1 (18. Ng1 $15) 18... Kh8 19. Qf3 (19. Ng1 $17) 19... Rg8 $19 {White must now prevent ...Bg4.} 20. Qh5 (20. Qc3 {was worth a try.}) 20... Rf8 $2 ({Black should try} 20... Qf6 $19 21. f3 Be6) 21. Qf3 $2 {[%mdl 8192]} (21. Qxh6+ $16 {stays on course.} Kg8 22. g3) 21... Rg8 (21... Qg5 $17 22. h3 Qh4) 22. Qh5 {[%cal Rh5h6]} Qf6 23. f3 Be6 (23... Qg7 24. g4 $17) 24. b3 Qg5 ({Not} 24... Qg7 25. g4 $17) 25. Qxg5 Rxg5 ({Much less strong is} 25... hxg5 26. h3 $17) 26. Rd3 $2 (26. Rd2 {is a better chance.}) 26... Rag8 27. g3 fxg3 28. Nxg3 Bh3 29. Rfd1 h5 30. b4 Bd4 31. f4 exf4 (31... Rg4 $142 32. fxe5 Bxe5) 32. Rxd4 fxg3 33. hxg3 Rxg3 34. Rd8 Bg2+ 35. Kh2 Rh3+ $1 36. Kg1 {And now Rxg8+ would win.} Rh1+ 37. Kf2 {[#]} Rxd1 $1 38. Rxd1 {[%mdl 4096] Endgame KRB-KRB} h4 {[%cal Bh5h4,Bh4h3][%mdl 32]} 39. e5 h3 40. Rd4 {[#]} Rg5 $1 41. e6 fxe6 42. Be4 $2 (42. Rh4+ Kg7 43. c5) 42... Bxe4 43. Rxe4 {White hopes to continue with Rh4+. KR-KR} Rg2+ 44. Kf3 $2 (44. Kf1) 44... Rxa2 45. Rxe6 h2 46. Rh6+ Kg7 47. Rh4 b6 48. Ke4 Rb2 49. Kd4 Kg6 50. Kc3 Ra2 51. c5 bxc5 52. bxc5 Kg5 {Black mates.} 53. Rh8 Kg4 54. Kd4 Kg3 55. Rg8+ Kf2 56. Rf8+ Kg1 57. Rg8+ Rg2 {Precision: White = 19%, Black = 75%.} 0-1

[Event "World Junior U20 Open 2018"]
[Site "Gebze"]
[Date "2018.09.07"]
[Round "4.67"]
[White "Lin, Peisen"]
[Black "Gulbeyaz, Emir"]
[Result "0-1"]
[WhiteElo "2034"]
[BlackElo "2285"]
[Annotator "TA"]
[PlyCount "136"]
[EventDate "2018.09.05"]
[EventType "swiss"]
[EventCountry "TUR"]
[SourceTitle "playchess.com"]
[Source "ChessBase"]
[SourceQuality "1"]

{[%evp 17,136,67,68,59,83,81,69,54,60,52,61,59,62,21,35,18,8,0,39,0,61,54,53,58,65,68,50,18,107,93,85,105,114,65,150,122,222,232,209,154,168,106,28,43,102,95,92,0,43,0,0,0,0,0,0,0,0,0,0,0,0,-7,-7,-12,-4,-38,0,0,0,-37,0,0,0,0,-56,-110,-112,-116,-108,-99,-117,-104,-91,-101,-85,-158,-69,-70,-70,-181,-177,-172,-108,-123,-118,-169,-168,-264,-259,-252,-227,-331,-342,-747,-740,-1092,-1269,-941,-747,-610,-497,-483,-476,-480,-359,-463,-459,-1130,-1005,-1308,-1289]} 1. e4 g6 2. d4 Bg7 3. Nc3 d6 4. Be3 a6 5. Qd2 b5 6. f3 Bb7 {B06: Modern Defence} (6... Nd7 7. h4 h6 8. Nh3 Nb6 9. O-O-O b4 10. Nd5 Nxd5 11. exd5 Bxh3 12. Rxh3 Nf6 13. Bc4 Qb8 14. g4 Qb7 15. Kb1 Nxd5 16. Bxd5 Qxd5 17. Qxb4 {0-1 (69) Kryvoruchko,Y (2689)-Petrosian,T (2601) Riadh 2017}) 7. Nge2 Nd7 8. d5 c5 9. dxc6 Bxc6 {LiveBook: 3 Games} 10. Nd4 Bb7 11. a4 $1 b4 $146 ({Predecessor:} 11... bxa4 12. Rxa4 {½-½ (50) Gabdrakipov,I (2125)-Sviridov,V (2515) Orsha 2018}) 12. Na2 a5 13. c3 bxc3 14. Nxc3 ({Don't play} 14. Qxc3 Ngf6 $11) 14... Ngf6 15. Bc4 O-O 16. O-O Ne5 17. Ba2 Nfd7 18. f4 Ng4 {[#]} (18... Nc6 $11) 19. Ne6 $1 $14 {[%cal Re6d8][%mdl 512]} fxe6 20. Bxe6+ Kh8 $1 21. Bxg4 Nc5 22. Rae1 Ba6 (22... Nxe4 $11 {keeps the balance.} 23. Nxe4 Bxe4) 23. Be2 $16 Bxe2 24. Rxe2 Rb8 25. f5 Rb4 (25... Qb6 $14) 26. Bh6 $1 Nb3 (26... Qa8 $16) 27. Bxg7+ $18 Kxg7 28. Qg5 {Strongly threatening Ref2.} Nc5 {[%cal Bb3c5,Bc5d7,Bd7f6][%mdl 32]} 29. Re3 ({Better is} 29. Qe3 $1 $18) 29... e6 $16 30. Qg3 Rxb2 (30... Nxa4 $14 31. Nxa4 Rxa4) 31. Ref3 $1 Rb7 32. Qg4 (32. h4 $16) 32... Nd7 {...Ne5 is the strong threat.} 33. f6+ (33. fxg6 $2 Ne5 $19) 33... Rxf6 34. Rxf6 Nxf6 35. Qxe6 Qb6+ 36. Kh1 Qd4 37. Qc8 Rf7 38. h3 h5 39. Qc6 h4 40. Rd1 Qe5 $40 {[%mdl 128] Black is up to no good.} 41. Rf1 ({Don't go for} 41. Rxd6 $2 Ng4 $1 $19 {[%mdl 512]}) 41... Kh6 {( -> ...Ng4!)} 42. Qc4 Rb7 43. Qc8 Rb3 44. Nd5 Nh5 {And now ...Ng3+ would win.} 45. Qf8+ (45. Re1 $11) 45... Qg7 $15 46. Kg1 (46. Qf2 $15) 46... Qxf8 $17 47. Rxf8 {[%mdl 4096] Endgame KRN-KRN} Ng3 {Threatens to win with ...Rb1+.} 48. Re8 Ra3 49. Nb6 Kg5 50. Kf2 Nh1+ 51. Ke2 {[#]} (51. Ke1 $142) 51... Kf4 ({Black should try} 51... Ra2+ $1 $17 52. Ke3 Rxg2) 52. Nd5+ $15 Kg3 $1 {[%cal Rg3g2]} 53. Ne3 (53. e5 $1 $15 dxe5 54. Ne3) 53... Ra2+ $19 54. Kf1 {[#]} Ra1+ ({Much worse is} 54... Rxa4 55. Kg1 $11) ({Black should play} 54... Kf4 $1 $19 55. Nd5+ Kg3) 55. Ke2 $17 Rxa4 56. Re6 (56. Rg8 $17) 56... Ra2+ $19 57. Kf1 (57. Ke1 {was called for.}) 57... Kf4 58. Nd5+ Kg5 59. Nc3 (59. Ke1 {is a better defense.}) 59... Ng3+ 60. Kg1 $2 (60. Ke1 Rxg2 61. Rxd6) 60... Rc2 61. Nd5 a4 62. e5 Kf5 63. Re8 Rc1+ 64. Kf2 {Hoping for Ne3+.} dxe5 65. Ra8 Ra1 66. Ra6 a3 {[%cal Ba4a3,Ba3a2][%mdl 32] White must now prevent ...Ke4.Black is clearly winning.} 67. Ke3 (67. Ra4 $142 Ra2+ 68. Kg1) 67... a2 68. Ne7+ Kg5 {Precision: White = 39%, Black = 55%.} 0-1

[Event "World Junior U20 Open 2018"]
[Site "Gebze"]
[Date "2018.09.07"]
[Round "4.68"]
[White "Helander, Benjamin"]
[Black "Vanczak, Tamas"]
[Result "0-1"]
[WhiteElo "1994"]
[BlackElo "2276"]
[Annotator "NA"]
[PlyCount "54"]
[EventDate "2018.09.05"]
[EventType "swiss"]
[EventCountry "TUR"]
[SourceTitle "playchess.com"]
[Source "ChessBase"]
[SourceQuality "1"]
[TimeControl "40/5400+30:1800+30"]

1. e4 {[%emt 0:00:30]} c6 {[%emt 0:00:30]} 2. d4 {[%emt 0:01:30]} d5 {[%emt 0:00:30]} 3. e5 {[%emt 0:00:30]} g6 {[%emt 0:00:30]} 4. h3 {[%emt 0:03:00]} Bg7 {[%emt 0:01:30]} 5. Nf3 {[%emt 0:01:30]} h5 {[%emt 0:03:30]} 6. Bd3 {[%emt 0:02:30]} Nh6 {[%emt 0:01:30]} 7. Bg5 {[%emt 0:04:30]} Qb6 {[%emt 0:02:30]} 8. Qc1 {[%emt 0:09:30]} Bf5 {[%emt 0:02:30]} 9. Bxf5 {[%emt 0:00:30]} Nxf5 {[%emt 0:00:30]} 10. c3 {[%emt 0:01:30]} f6 {[%emt 0:06:30]} 11. exf6 {[%emt 0:11:30]} exf6 {[%emt 0:00:30]} 12. Bf4 $15 {[%emt 0:02:30]} Nd7 13. h4 Qa6 {[%emt 0:25:30]} 14. Na3 {[%emt 0:43:00]} O-O {[%emt 0:00:30]} 15. Nc2 {[%emt 0:02:30]} Rae8+ {[%emt 0:08:30]} 16. Ne3 {[%emt 0:00:30]} Re4 {[%emt 0:01:30]} 17. g3 {[%emt 0:02:30]} Rfe8 {[%emt 0:03:30]} 18. Qd2 {[%emt 0:03:30]} Nf8 {[%emt 0:05:30]} 19. O-O-O {[%emt 0:13:30]} Qxa2 {[%emt 0:07:30]} 20. Rde1 {[%emt 0:04:30]} Nxe3 {[%emt 0:03:30]} 21. Bxe3 {[%emt 0:00:30]} Nd7 {[%emt 0:02:30]} 22. Ng1 {[%emt 0:01:30]} Nb6 {[%emt 0:03:30]} 23. Nh3 {[%emt 0:08:30]} Nc4 {[%emt 0:01:30]} 24. Qc2 {[%emt 0:00:30]} Qa1+ {[%emt 0:00:30]} 25. Qb1 {[%emt 0:00:30]} Qxb1+ {[%emt 0:00:30]} 26. Kxb1 {[%emt 0:00:00]} Nxe3 {[%emt 0:00:30]} 27. fxe3 {[%emt 0:00:00]} Rxe3 {[%emt 0:00:00]} 0-1

[Event "World Junior U20 Open 2018"]
[Site "Gebze"]
[Date "2018.09.07"]
[Round "4.69"]
[White "Ozsakallioglu, Okan"]
[Black "Yaran, Siar"]
[Result "1/2-1/2"]
[WhiteElo "1955"]
[BlackElo "2271"]
[Annotator "ChessBase"]
[PlyCount "54"]
[EventDate "2018.09.05"]
[EventType "swiss"]
[EventCountry "TUR"]
[SourceTitle "playchess.com"]
[Source "ChessBase"]
[SourceQuality "1"]
[TimeControl "40/5400+30:1800+30"]

1. d4 e6 2. Nf3 Nf6 3. g3 Be7 4. Bg2 O-O 5. c4 d5 6. O-O dxc4 7. Qc2 a6 8. a4 Bd7 9. Qxc4 Bc6 10. Bf4 Nbd7 11. Nbd2 Nd5 12. Rfc1 Nxf4 13. gxf4 Nf6 14. e3 Rc8 15. Qc2 g6 16. Nb3 Be4 17. Qe2 {[%emt 0:15:30]} c6 {[%emt 1:00:30]} 18. Nbd2 {[%emt 0:03:30]} Bxf3 {[%emt 0:00:30]} 19. Bxf3 {[%emt 0:00:30]} Kh8 {[%emt 0:03:30]} 20. Nc4 {[%emt 0:01:30]} Rg8 {[%emt 0:01:30]} 21. Ne5 {[%emt 0:00:00]} Qf8 {[%emt 0:01:30]} 22. Kh1 {[%emt 0:00:00]} Rc7 {[%emt 0:00:30]} 23. Qd2 {[%emt 0:00:30]} Bb4 {[%emt 0:00:30]} 24. Qd3 {[%emt 0:01:30]} Nd7 {[%emt 0:03:30]} 25. Qe4 {[%emt 0:06:30]} Nf6 {[%emt 0:03:30]} 26. Qd3 {[%emt 0:00:00]} Nd7 {[%emt 0:03:30]} 27. Qe4 {[%emt 0:00:00]} Nf6 {[%emt 0:01:30]} 1/2-1/2

[Event "World Junior U20 Open 2018"]
[Site "Gebze"]
[Date "2018.09.07"]
[Round "4.70"]
[White "Nurgaliyev, Sauat"]
[Black "Lee, Jun Hyeok"]
[Result "0-1"]
[WhiteElo "1685"]
[BlackElo "2263"]
[Annotator "TA"]
[PlyCount "84"]
[EventDate "2018.09.05"]
[EventType "swiss"]
[EventCountry "TUR"]
[SourceTitle "playchess.com"]
[Source "ChessBase"]
[SourceQuality "1"]

{[%evp 15,83,16,44,0,0,0,3,-42,-22,-27,-19,-40,-27,-74,-50,-37,-42,-45,-42,-71,-30,-124,-110,-184,-182,-170,-179,-170,-144,-171,-158,-166,-173,-168,-170,-306,-282,-282,-268,-290,-247,-250,-238,-250,-253,-267,-228,-236,-206,-361,-393,-642,-641,-913,-883,-1000,-861,-817,-804,-29989,-12837,-29995,-29996,-29996,-29997,-29997,-29998,-29998,-29999,-29999]} 1. d4 g6 2. Nf3 Bg7 3. g3 f5 4. Bg2 Nf6 5. O-O O-O 6. c4 d6 7. Nc3 c6 8. Qc2 Qe8 {LiveBook: 6 Games} 9. Bg5 {A88: Dutch Defence: Leningrad System: 5 Nf3 0-0 6 0-0 d6 7 Nc3 c6} (9. b3 a5 10. Bb2 Na6 11. Rad1 h6 12. a3 g5 13. Na4 Nd7 14. d5 cxd5 15. Bxg7 Kxg7 16. cxd5 b5 17. Nb2 {1-0 (38) Shimanov,A (2549)-Cori Tello,D (2415) Moscow 2012}) 9... e5 10. dxe5 dxe5 11. Rfd1 {The position is equal.} e4 12. Nd4 $146 ({Predecessor:} 12. Ne1 Be6 13. b3 Na6 14. a3 h6 15. Bxf6 Bxf6 16. Rd6 Be5 {0-1 (46) Heim,S-Lebel Arias,J (2120) Dortmund 1988}) 12... Na6 13. Bf4 Qf7 14. b3 Re8 15. a3 Nc5 16. Rac1 Bf8 17. Qb2 h6 18. h4 (18. Nc2 $11) 18... Nh5 $17 19. Qd2 (19. Be3 $17) 19... Rd8 $19 {Hoping for ...Nxb3!} 20. Qe3 Nxf4 21. Qxf4 {[#]} Rxd4 $1 {[%mdl 512]} 22. Rxd4 Nxb3 23. Rd8 {With the idea Rcd1.} Nxc1 24. Qxc1 Kh7 $36 {[%mdl 2048] Keeping White busy.} 25. f3 (25. Qf4 $142) 25... Be7 ({Much less strong is} 25... Qxc4 26. fxe4 Be7 27. Rd3 $19) 26. Rd1 exf3 27. Bxf3 Be6 28. Kg2 Rd8 29. Rxd8 Bxd8 30. c5 g5 31. hxg5 hxg5 ({Don't do} 31... Bxg5 32. e3) 32. Qh1+ $2 {[#]} (32. e4) 32... Kg7 33. Qd1 $2 (33. e4 g4 34. Be2) 33... Bf6 34. Na4 g4 35. Qd2 gxf3+ 36. exf3 Qd7 37. Qa5 Qd3 (37... Qd1 $142 38. Qc7+ Kg6 39. Qd6 Bd5 40. Qxd5 cxd5 41. g4 Qe2+ 42. Kh3 Qxf3+ 43. Kh2 fxg4 44. Nc3 Bd4 45. Nb5 Qh3#) 38. Qxa7 Qe2+ {Black mates.} 39. Kh1 Qxf3+ 40. Kh2 Qf2+ 41. Kh3 f4+ 42. g4 Qg3# {Precision: White = 27%, Black = 73%.} 0-1

[Event "World Junior U20 Open 2018"]
[Site "Gebze"]
[Date "2018.09.07"]
[Round "4.71"]
[White "Nalbant, Tuna Onat"]
[Black "Fleri, Matthew"]
[Result "1-0"]
[WhiteElo "2241"]
[BlackElo "1625"]
[Annotator "TA"]
[PlyCount "41"]
[EventDate "2018.09.05"]
[EventType "swiss"]
[EventCountry "TUR"]
[SourceTitle "playchess.com"]
[Source "ChessBase"]
[SourceQuality "1"]

{[%evp 20,40,23,31,136,113,107,116,350,350,443,428,412,333,377,147,179,155,29994,29995,29997,29998,29999]} 1. e4 c5 2. Nf3 d6 3. d4 cxd4 4. Nxd4 Nf6 5. Nc3 a6 6. Bg5 e6 7. f4 Be7 8. Qf3 Nbd7 9. O-O-O h6 10. Bh4 Qc7 11. Bd3 {LiveBook: 299 Games} O-O {[#] B99: Sicilian Najdorf: 6 Bg5 e6 7 f4 Be7 8 Qf3 Qc7 9 0-0-0 Nbd7} ({Black should try} 11... g5 $14 12. fxg5 Ne5) (11... g5 12. fxg5 Ne5 13. Qe2 Nfg4 14. Nf3 hxg5 15. Bg3 Bd7 16. h3 Nxf3 17. hxg4 Rxh1 18. Rxh1 Nh4 19. Qf1 Qa5 20. Be1 Qc5 21. Bf2 Qa5 22. Bd4 e5 23. Be3 Rc8 {1-0 (36) Savchenko,B (2567)-Lu,S (2615) Olongapo City 2015}) 12. g4 $1 $16 {[%cal Bg2g4,Bg4g5][%mdl 32]} b5 13. g5 Nh7 $146 (13... hxg5 $16 14. Bxg5 b4) ({Predecessor:} 13... hxg5 14. Bxg5 b4 15. Na4 Re8 16. Rhg1 Bb7 17. Bh6 g6 18. Nxe6 Qa5 19. Rg5 {1-0 (19) Langer,R (2155)-Szabo,M (2130) LSS email 2011}) 14. gxh6 $18 Bxh4 15. hxg7 Kxg7 16. Rhg1+ Kh8 17. Qg4 $2 (17. Qh3 $18 {is more deadly.}) 17... Bf6 $16 {[#]} 18. e5 $1 $40 {[%mdl 640] White wants a kill.} dxe5 $2 (18... Nxe5 $16 19. fxe5 Bxe5) 19. Bxh7 {White mates.} exf4 {[#]} 20. Bf5 $1 {[%cal Rg4h5][%mdl 512]} Qd8 (20... exf5 21. Qh5#) 21. Qh5# {Precision: White = 69%, Black = 14%.} 1-0